[Event "48th Continental Open"]
[Site "Sturbridge, MA"]
[Date "2018.08.16"]
[Round "1.1"]
[White "Taylor, Steven"]
[Black "Baryshpolets, Andrey"]
[Result "0-1"]
[WhiteElo "2081"]
[BlackElo "2609"]
[PlyCount "68"]
[EventDate "2018.08.??"]
[EventType "swiss"]
[EventRounds "9"]
[EventCountry "USA"]

1. Nf3 Nf6 2. c4 e6 3. g3 d5 4. Bg2 d4 5. b4 Bxb4 6. Qa4+ Nc6 7. Ne5 Rb8 8.
Nxc6 bxc6 9. Bxc6+ Bd7 10. O-O O-O 11. d3 Rb6 12. Bxd7 Nxd7 13. Nd2 Nc5 14. Qc2
e5 15. Nf3 Qf6 16. Rb1 Re8 17. Rxb4 Rxb4 18. Ba3 Nxd3 19. Bxb4 Nxb4 20. Qa4 Nc6
21. Rb1 h6 22. Rb7 Re7 23. Nd2 e4 24. Qc2 Qe6 25. Nb3 a6 26. Nc5 Qe5 27. Nxa6
d3 28. exd3 Nd4 29. Rb8+ Kh7 30. Qb2 exd3 31. Rd8 Qe1+ 32. Kg2 Qe4+ 33. Kh3 Ne2
34. g4 Qf3+ 0-1

[Event "48th Continental Open"]
[Site "Sturbridge, MA"]
[Date "2018.08.16"]
[Round "1.3"]
[White "Sage, J Timothy"]
[Black "Barbosa, Oliver"]
[Result "0-1"]
[WhiteElo "2036"]
[BlackElo "2545"]
[PlyCount "100"]
[EventDate "2018.08.??"]
[EventType "swiss"]
[EventRounds "9"]
[EventCountry "USA"]

1. d4 Nf6 2. c4 c6 3. Nc3 d5 4. Nf3 dxc4 5. a4 Bf5 6. Nh4 Bd7 7. e4 e6 8. Bxc4
Nxe4 9. Nxe4 Qxh4 10. Qf3 Bb4+ 11. Kf1 h6 12. Bf4 O-O 13. Be5 c5 14. Nf6+ Kh8
15. Nh5 f6 16. Nf4 Kh7 17. g3 Qg5 18. h4 Qf5 19. Bd3 fxe5 20. Bxf5+ Rxf5 21.
Qd3 c4 22. Qc2 Nc6 23. dxe5 Nxe5 24. Rd1 Bc6 25. Nxe6 Nd3 26. Rxd3 cxd3 27.
Qxd3 g6 28. h5 Kg8 29. Qd4 Bf8 30. Rh2 Bf3 31. hxg6 Rd5 32. g7 Bc5 33. Rxh6
Rxd4 34. Rh8+ Kf7 35. Nxd4 Bxd4 36. Rxa8 Kxg7 37. b4 a6 38. a5 Bc3 39. Rd8 Bxb4
40. Rd7+ Kg6 41. Kg1 Bc6 42. Rd4 Bxa5 43. Kh2 Bc3 44. Rd3 Bg7 45. Kh3 a5 46. f4
a4 47. g4 Bb2 48. Rd6+ Kg7 49. g5 a3 50. f5 a2 0-1

[Event "48th Continental Open"]
[Site "Sturbridge, MA"]
[Date "2018.08.16"]
[Round "1.4"]
[White "Corrales Jimenez, Fidel"]
[Black "Tanaka, Tyler"]
[Result "1-0"]
[WhiteElo "2542"]
[BlackElo "2007"]
[PlyCount "95"]
[EventDate "2018.08.??"]
[EventType "swiss"]
[EventRounds "9"]
[EventCountry "USA"]

1. e4 c5 2. Nf3 e6 3. c3 Nf6 4. Bd3 Nc6 5. Bc2 d5 6. e5 Nd7 7. d4 Qb6 8. O-O
Be7 9. a3 O-O 10. b4 cxd4 11. cxd4 Re8 12. Nc3 Nf8 13. Be3 Bd7 14. Rc1 Rec8 15.
Bd3 a6 16. h4 Na7 17. h5 Bb5 18. h6 g6 19. Nxb5 Rxc1 20. Qxc1 axb5 21. Bg5 Rc8
22. Qf4 Qd8 23. Ra1 Nd7 24. a4 bxa4 25. Rxa4 Nc6 26. b5 Nb6 27. Ra1 Nb4 28. Bf1
Bxg5 29. Nxg5 Qe7 30. Nf3 Ra8 31. Rb1 Nc2 32. Rc1 Na3 33. Nh2 Nac4 34. Ng4 Ra5
35. Nf6+ Kh8 36. Bxc4 Nxc4 37. Rb1 b6 38. Kh2 Na3 39. Rb3 Nxb5 40. g4 Qf8 41.
Kg2 Qe7 42. g5 Qf8 43. Qd2 Qd8 44. Qb4 Nc7 45. Qd6 Ra8 46. Rxb6 Rc8 47. Rb7
Qxd6 48. exd6 1-0

[Event "48th Continental Open"]
[Site "Sturbridge, MA"]
[Date "2018.08.16"]
[Round "1.5"]
[White "Kavi, Nithin"]
[Black "Matsenko, Sergei"]
[Result "0-1"]
[WhiteElo "1995"]
[BlackElo "2533"]
[PlyCount "108"]
[EventDate "2018.08.??"]
[EventType "swiss"]
[EventRounds "9"]
[EventCountry "USA"]
[TimeControl "6000+10"]
[WhiteClock "0:12:04"]
[BlackClock "1:39:47"]

1. Nf3 {[%emt 0:09:40]} d5 2. d4 {[%emt 0:00:00]} Nf6 {[%emt 0:10:04]} 3. c4 {
[%emt 0:00:00]} c6 {[%emt 0:00:00]} 4. Qc2 {[%emt 0:00:00]} g6 {[%emt 0:00:00]}
5. Bf4 {[%emt 0:00:00]} Bg7 {[%emt 0:00:00]} 6. e3 {[%emt 0:00:00]} O-O {
[%emt 0:00:00]} 7. Nc3 {[%emt 0:00:00]} Be6 {[%emt 0:00:00]} 8. Qb3 {[%emt 0:
05:55]} Qb6 {[%emt 0:00:00]} 9. c5 {[%emt 0:10:14]} Qxb3 {[%emt 0:00:00]} 10.
axb3 {[%emt 0:00:00]} Nbd7 {[%emt 0:00:00]} 11. h3 {[%emt 0:00:00]} Ne4 {
[%emt 0:00:00]} 12. b4 {[%emt 0:00:00]} a6 {[%emt 0:00:00]} 13. Bd3 {[%emt 0:
00:00]} Nxc3 {[%emt 0:00:00]} 14. bxc3 {[%emt 0:00:00]} f6 {[%emt 0:00:00]} 15.
Nd2 {[%emt 0:00:00]} Bf7 {[%emt 0:00:00]} 16. Nb3 {[%emt 0:00:00]} e5 {[%emt 0:
00:00]} 17. Bh2 {[%emt 0:00:00]} Rfe8 {[%emt 0:06:27]} 18. Na5 {[%emt 0:06:13]}
Ra7 {[%emt 0:00:00]} 19. O-O {[%emt 0:00:00]} f5 {[%emt 0:00:00]} 20. Rfe1 {
[%emt 0:16:10]} Be6 {[%emt 0:00:00]} 21. Rad1 {[%emt 0:13:23]} e4 {[%emt 0:00:
00]} 22. Be2 {[%emt 0:00:00]} Nf6 {[%emt 0:00:00]} 23. Bc7 {[%emt 0:10:35]} Re7
{[%emt 0:00:00]} 24. Bh2 {[%emt 0:00:00]} Ra8 {[%emt 0:00:00]} 25. Rb1 {
[%emt 0:10:00]} Rd7 {[%emt 0:00:00]} 26. Rec1 {[%emt 0:00:00]} g5 {[%emt 0:00:
00]} 27. Be5 {[%emt 0:14:30]} Kf7 {[%emt 0:00:00]} 28. c4 {[%emt 0:00:00]} Kg6
{[%emt 0:00:00]} 29. Kh2 {[%emt 0:00:00]} Ne8 {[%emt 0:00:00]} 30. Bxg7 {
[%emt 0:00:00]} Rxg7 {[%emt 0:00:00]} 31. cxd5 {[%emt 0:00:00]} Bxd5 {[%emt 0:
00:00]} 32. Nc4 {[%emt 0:01:44]} Bxc4 {[%emt 0:00:00]} 33. Bxc4 {[%emt 0:00:00]
} Nf6 {[%emt 0:00:00]} 34. Rd1 {[%emt 0:00:00]} Rd8 {[%emt 0:00:00]} 35. Rd2 {
[%emt 0:03:27]} h5 {[%emt 0:00:00]} 36. Rbd1 {[%emt 0:00:00]} h4 {[%emt 0:00:
00]} 37. d5 {[%emt 0:03:08]} cxd5 {[%emt 0:00:00]} 38. Rd4 {[%emt 0:00:00]}
Rgd7 {[%emt 0:00:00]} 39. Bb3 {[%emt 0:00:00]} Kf7 {[%emt 0:00:00]} 40. b5 {
[%emt 0:00:00]} axb5 {[%emt 0:00:00]} 41. Rb4 {[%emt 0:00:00]} Ke6 {[%emt 0:00:
00]} 42. Rxb5 {[%emt 0:00:00]} Rc8 {[%emt 0:00:00]} 43. Ra1 {[%emt 0:00:00]}
Ke5 {[%emt 0:00:00]} 44. Ra4 {[%emt 0:00:00]} f4 {[%emt 0:00:00]} 45. Rab4 {
[%emt 0:00:00]} fxe3 {[%emt 0:00:00]} 46. fxe3 {[%emt 0:00:00]} g4 {[%emt 0:00:
00]} 47. Bd1 {[%emt 0:00:00]} g3+ {[%emt 0:00:00]} 48. Kg1 {[%emt 0:00:00]}
Rcc7 {[%emt 0:00:00]} 49. Ra4 {[%emt 0:00:00]} Rf7 {[%emt 0:00:00]} 50. Ra8 {
[%emt 0:00:00]} b6 {[%emt 0:00:00]} 51. Rxb6 {[%emt 0:00:00]} Rxc5 {[%emt 0:00:
00]} 52. Rb1 {[%emt 0:00:00]} Rc3 {[%emt 0:00:00]} 53. Rh8 {[%emt 0:00:00]}
Rxe3 {[%emt 0:00:00]} 54. Rxh4 {[%emt 0:00:00]} Re1# {[%emt 0:00:00]} 0-1

[Event "48th Continental Open"]
[Site "Sturbridge, MA"]
[Date "2018.08.16"]
[Round "1.6"]
[White "Gorovets, Andrey"]
[Black "Poliannikov, Danila"]
[Result "1-0"]
[WhiteElo "2495"]
[BlackElo "1994"]
[PlyCount "79"]
[EventDate "2018.08.??"]
[EventType "swiss"]
[EventRounds "9"]
[EventCountry "USA"]
[TimeControl "6000+10"]
[WhiteClock "0:04:36"]
[BlackClock "0:34:33"]

1. d4 {[%emt 0:09:40]} Nf6 {[%emt 0:09:51]} 2. Bf4 {[%emt 0:00:00]} d6 {
[%emt 0:00:00]} 3. Nc3 {[%emt 0:00:00]} g6 {[%emt 0:00:00]} 4. e4 {[%emt 0:00:
00]} Bg7 {[%emt 0:00:00]} 5. Qd2 {[%emt 0:00:00]} O-O {[%emt 0:00:00]} 6. Nf3 {
[%emt 0:00:00]} c5 {[%emt 0:00:00]} 7. dxc5 {[%emt 0:10:07]} dxc5 {[%emt 0:00:
00]} 8. O-O-O {[%emt 0:00:00]} Nc6 {[%emt 0:00:00]} 9. Qxd8 {[%emt 0:01:36]}
Rxd8 {[%emt 0:00:00]} 10. Rxd8+ {[%emt 0:00:05]} Nxd8 {[%emt 0:00:00]} 11. h3 {
[%emt 0:07:16]} Be6 {[%emt 0:12:34]} 12. Ng5 {[%emt 0:07:26]} Bd7 {[%emt 0:22:
20]} 13. Be3 {[%emt 0:00:42]} b6 {[%emt 0:04:12]} 14. e5 {[%emt 0:02:33]} Ne8 {
[%emt 0:00:00]} 15. f4 {[%emt 0:00:00]} Ne6 {[%emt 0:01:56]} 16. Nxe6 {[%emt 0:
03:17]} Bxe6 {[%emt 0:00:09]} 17. Be2 {[%emt 0:12:56]} Rd8 {[%emt 0:00:00]} 18.
Nb5 {[%emt 0:08:46]} a6 {[%emt 0:06:29]} 19. Nc3 {[%emt 0:00:00]} Nc7 {[%emt 0:
00:00]} 20. a4 {[%emt 0:06:13]} a5 {[%emt 0:00:00]} 21. Nb1 {[%emt 0:06:36]}
Nd5 {[%emt 0:19:49]} 22. Rd1 {[%emt 0:00:00]} Rd7 {[%emt 0:00:00]} 23. Bd2 {
[%emt 0:00:00]} g5 {[%emt 0:00:00]} 24. Bb5 {[%emt 0:08:44]} Rd8 {[%emt 0:00:
00]} 25. f5 {[%emt 0:00:00]} Bxf5 {[%emt 0:00:00]} 26. Bxg5 {[%emt 0:00:00]}
Bxc2 {[%emt 0:00:00]} 27. Rxd5 {[%emt 0:03:46]} Rxd5 {[%emt 0:00:00]} 28. Kxc2
{[%emt 0:00:00]} Rxe5 {[%emt 0:00:00]} 29. Bf4 {[%emt 0:00:00]} Rf5 {[%emt 0:
00:00]} 30. Bc7 {[%emt 0:05:12]} Rf2+ {[%emt 0:00:00]} 31. Kd3 {[%emt 0:00:00]}
Rxb2 {[%emt 0:00:00]} 32. Nd2 {[%emt 0:00:00]} Bh6 {[%emt 0:00:00]} 33. Nc4 {
[%emt 0:00:00]} Rxg2 {[%emt 0:00:00]} 34. Nxb6 {[%emt 0:08:57]} f5 {[%emt 0:00:
00]} 35. Nc4 {[%emt 0:00:00]} f4 {[%emt 0:00:00]} 36. Ke4 {[%emt 0:00:00]} Rf2
{[%emt 0:00:00]} 37. Bxa5 {[%emt 0:00:00]} Bg7 {[%emt 0:00:00]} 38. Bc7 {
[%emt 0:00:00]} f3 {[%emt 0:00:00]} 39. Ne5 {[%emt 0:00:00]} Ra2 {[%emt 0:00:
00]} 40. Bc4+ {[%emt 0:00:00]} 1-0

[Event "48th Continental Open"]
[Site "Sturbridge, MA"]
[Date "2018.08.16"]
[Round "1.8"]
[White "Mulyar, Michael"]
[Black "Fiedler, Brian"]
[Result "1-0"]
[WhiteElo "2374"]
[BlackElo "1978"]
[PlyCount "47"]
[EventDate "2018.08.??"]
[EventType "swiss"]
[EventRounds "9"]
[EventCountry "USA"]
[TimeControl "6000+10"]
[WhiteClock "0:48:13"]
[BlackClock "0:21:58"]

1. d4 {[%emt 0:09:40]} Nf6 {[%emt 0:09:52]} 2. Nf3 {[%emt 0:00:00]} g6 {
[%emt 0:00:00]} 3. c4 {[%emt 0:00:00]} Bg7 {[%emt 0:00:00]} 4. g3 {[%emt 0:00:
00]} O-O {[%emt 0:00:00]} 5. Bg2 {[%emt 0:00:00]} d6 {[%emt 0:00:00]} 6. O-O {
[%emt 0:00:00]} Nc6 {[%emt 0:00:00]} 7. Nc3 {[%emt 0:00:00]} Bg4 {[%emt 0:00:
00]} 8. d5 {[%emt 0:00:00]} Na5 {[%emt 0:00:00]} 9. Qd3 {[%emt 0:11:06]} c5 {
[%emt 0:00:00]} 10. h3 {[%emt 0:01:12]} Bxf3 {[%emt 0:05:41]} 11. exf3 {
[%emt 0:00:00]} Nd7 {[%emt 0:01:33]} 12. f4 {[%emt 0:02:37]} a6 {[%emt 0:01:56]
} 13. Rb1 {[%emt 0:00:55]} Rb8 {[%emt 0:06:47]} 14. b3 {[%emt 0:00:01]} Qc7 {
[%emt 0:08:51]} 15. a4 {[%emt 0:02:20]} b6 {[%emt 0:04:13]} 16. Bd2 {[%emt 0:
01:26]} Nb7 {[%emt 0:06:29]} 17. f5 {[%emt 0:02:05]} Rbe8 {[%emt 0:02:51]} 18.
Rbe1 {[%emt 0:03:43]} gxf5 {[%emt 0:07:05]} 19. Qxf5 {[%emt 0:00:10]} e6 {
[%emt 0:00:06]} 20. Qh5 {[%emt 0:05:47]} Nd8 {[%emt 0:12:22]} 21. dxe6 {
[%emt 0:08:38]} fxe6 {[%emt 0:03:31]} 22. Nd5 {[%emt 0:00:29]} Qa7 {[%emt 0:02:
13]} 23. Bg5 {[%emt 0:02:04]} Nc6 {[%emt 0:08:32]} 24. Be4 {[%emt 0:03:34]} 1-0

[Event "48th Continental Open"]
[Site "Sturbridge, MA"]
[Date "2018.08.16"]
[Round "1.9"]
[White "Ramanathan, Suraj"]
[Black "Kim, Yoon-Young"]
[Result "1/2-1/2"]
[WhiteElo "1961"]
[BlackElo "2360"]
[PlyCount "47"]
[EventDate "2018.08.??"]
[EventType "swiss"]
[EventRounds "9"]
[EventCountry "USA"]

1. d4 d5 2. c4 c6 3. Nf3 Nf6 4. Nc3 e6 5. Bg5 dxc4 6. e4 b5 7. e5 h6 8. Bh4 g5
9. Nxg5 hxg5 10. Bxg5 Be7 11. exf6 Bxf6 12. Bxf6 Qxf6 13. Ne4 Qe7 14. g3 Na6
15. Bg2 Bb7 16. a4 O-O-O 17. O-O f5 18. axb5 cxb5 19. Rxa6 fxe4 20. Rxa7 Kb8
21. Ra5 Qh7 22. h4 Qf5 23. Qd2 Rh5 24. Qe3 1/2-1/2

[Event "48th Continental Open"]
[Site "Sturbridge, MA"]
[Date "2018.08.16"]
[Round "1.11"]
[White "Li, Jerry"]
[Black "Kumar, Aravind"]
[Result "0-1"]
[WhiteElo "1943"]
[BlackElo "2169"]
[PlyCount "72"]
[EventDate "2018.08.??"]
[EventType "swiss"]
[EventRounds "9"]
[EventCountry "USA"]

1. e4 e6 2. d4 d5 3. Nd2 Be7 4. Bd3 c5 5. dxc5 Nf6 6. Qe2 O-O 7. Ngf3 a5 8. O-O
Na6 9. b3 Nxc5 10. Bb2 Nxd3 11. cxd3 b6 12. Rfd1 Ba6 13. Qe3 Bc5 14. d4 Be7 15.
e5 Nd7 16. Rac1 Rc8 17. Nb1 b5 18. h3 b4 19. Nbd2 Nb6 20. Ne1 a4 21. bxa4 Nxa4
22. Qb3 Qa5 23. Rxc8 Rxc8 24. Rc1 Rxc1 25. Bxc1 Nc3 26. Bb2 Qxa2 27. Qc2 Na4
28. Qc7 Bf8 29. Bc1 h6 30. Nef3 b3 31. Qa5 Bc4 32. Nxc4 dxc4 33. d5 Qa1 34. Kh2
Qxc1 35. dxe6 fxe6 36. Nd2 Nc5 0-1

[Event "48th Continental Open"]
[Site "Sturbridge, MA"]
[Date "2018.08.16"]
[Round "1.12"]
[White "Mishra, Abhimanyu"]
[Black "Tang, Jason"]
[Result "1/2-1/2"]
[WhiteElo "2166"]
[BlackElo "1908"]
[PlyCount "91"]
[EventDate "2018.08.??"]
[EventType "swiss"]
[EventRounds "9"]
[EventCountry "USA"]

1. e4 c5 2. Nf3 d6 3. d4 cxd4 4. Nxd4 Nf6 5. Nc3 g6 6. Be3 Bg7 7. f3 O-O 8. Qd2
Nc6 9. O-O-O d5 10. Qe1 e5 11. Nxc6 bxc6 12. exd5 Nxd5 13. Bc4 Be6 14. Kb1
Nxc3+ 15. Qxc3 Qe7 16. Bb3 Bxb3 17. cxb3 Rfc8 18. h4 a5 19. Qc4 Qb4 20. Qxb4
axb4 21. Rd7 Bf6 22. Bc5 Rab8 23. g3 Rb5 24. Rc1 Bg7 25. Be7 Bf8 26. Bxf8 Kxf8
27. Rcd1 Ra5 28. R1d6 Ke8 29. Rb7 Rd5 30. Rxd5 cxd5 31. Rb5 Rd8 32. Rxb4 f5 33.
f4 e4 34. Rd4 Ke7 35. Kc2 Kd6 36. b4 Rc8+ 37. Kd2 Ra8 38. a3 h6 39. Kd1 Ra7 40.
Rd2 Ra8 41. Rd4 Ra7 42. Ke2 Ra8 43. Kd2 Ra7 44. Kd1 Ra8 45. Kd2 Ra7 46. Kd1
1/2-1/2

[Event "48th Continental Open"]
[Site "Sturbridge, MA"]
[Date "2018.08.16"]
[Round "1.13"]
[White "Genger, Eitan"]
[Black "Isakov, Michael"]
[Result "0-1"]
[WhiteElo "1903"]
[BlackElo "2163"]
[PlyCount "74"]
[EventDate "2018.08.??"]
[EventType "swiss"]
[EventRounds "9"]
[EventCountry "USA"]

1. Nf3 d5 2. d4 Nf6 3. c4 e6 4. g3 Be7 5. Bg2 O-O 6. O-O Nbd7 7. cxd5 exd5 8.
Nc3 Re8 9. Ne5 c6 10. f4 Nf8 11. h3 Qd6 12. a3 a5 13. Kh2 Rb8 14. Qc2 g6 15. g4
Ne6 16. Qd2 Ng7 17. Na4 Bd8 18. b4 Ra8 19. Qb2 Nd7 20. e3 f6 21. Nd3 b5 22.
Nac5 Nb6 23. Qc3 h5 24. Bf3 hxg4 25. hxg4 Nc4 26. e4 dxe4 27. Nxe4 Qc7 28. Ndc5
Ne6 29. Be2 Nxc5 30. Bxc4+ bxc4 31. Nxc5 Bxg4 32. Qxc4+ Kg7 33. Kg3 Be2 34.
Ne6+ Rxe6 35. Qxe6 Bxf1 36. Bb2 Bd3 37. Rh1 Qe7 0-1

[Event "48th Continental Open"]
[Site "Sturbridge, MA"]
[Date "2018.08.16"]
[Round "1.14"]
[White "Botta, Alejandro"]
[Black "Padmanabhan, Karthik"]
[Result "1-0"]
[WhiteElo "2156"]
[BlackElo "1879"]
[PlyCount "73"]
[EventDate "2018.08.??"]
[EventType "swiss"]
[EventRounds "9"]
[EventCountry "USA"]

1. d4 Nf6 2. Nf3 g6 3. Nbd2 d5 4. e3 Bg7 5. b4 O-O 6. c4 c6 7. Bb2 a5 8. b5
cxb5 9. cxb5 a4 10. Ba3 Re8 11. Be2 Ne4 12. Rc1 Qa5 13. Qc2 Bf5 14. Qb2 Nd7 15.
O-O e5 16. Rfd1 Rad8 17. Nf1 Bg4 18. Qb4 Qxb4 19. Bxb4 Bxf3 20. gxf3 Ng5 21.
dxe5 Rxe5 22. Ng3 Ree8 23. Rxd5 Ne6 24. Rcd1 Nf6 25. Rxd8 Nxd8 26. Ne4 Nxe4 27.
fxe4 Ne6 28. Rd7 Rc8 29. Rxb7 Rc2 30. Rb8+ Bf8 31. b6 Kg7 32. Bxf8+ Nxf8 33.
Bb5 Rb2 34. Bxa4 Rxa2 35. Bc6 Rb2 36. b7 Rb6 37. Rd8 1-0

[Event "48th Continental Open"]
[Site "Sturbridge, MA"]
[Date "2018.08.16"]
[Round "1.15"]
[White "Kang, Dorian"]
[Black "Falcao, Wesley"]
[Result "1/2-1/2"]
[WhiteElo "1853"]
[BlackElo "2148"]
[PlyCount "96"]
[EventDate "2018.08.??"]
[EventType "swiss"]
[EventRounds "9"]
[EventCountry "USA"]

1. e4 c5 2. Nf3 a6 3. c4 e6 4. Nc3 d6 5. d4 cxd4 6. Nxd4 Nf6 7. Be3 b6 8. Be2
Bb7 9. f3 Nbd7 10. O-O Rc8 11. Rc1 Be7 12. Qd2 O-O 13. b3 Re8 14. g4 h6 15. Rf2
Bf8 16. h4 Nh7 17. g5 hxg5 18. hxg5 g6 19. Rh2 Bg7 20. Kf2 Nc5 21. Rch1 Nf8 22.
Rh4 f5 23. gxf6 Qxf6 24. b4 Ncd7 25. Na4 d5 26. exd5 exd5 27. cxd5 Bxd5 28.
Bxa6 Ne6 29. Bxc8 Rxc8 30. R1h3 g5 31. Nxe6 Bxe6 32. Bd4 Ne5 33. Bxe5 Qxe5 34.
Re4 Qf5 35. Rg3 Bf6 36. Nxb6 Rd8 37. Qe3 Bf7 38. a4 Rd1 39. Nc4 Qd5 40. Qe2 Rc1
41. Ne3 Qb3 42. f4 Qb1 43. Nc4 Rc2 44. Nd2 Rxd2 45. Qxd2 Qxe4 46. Rxg5+ Bxg5
47. fxg5 Qh4+ 48. Kg2 Qg4+ 1/2-1/2

[Event "48th Continental Open"]
[Site "Sturbridge, MA"]
[Date "2018.08.16"]
[Round "1.16"]
[White "Shanmugasundaram, Coimbatore"]
[Black "Belous, Nicholas"]
[Result "1-0"]
[WhiteElo "2147"]
[BlackElo "1852"]
[PlyCount "79"]
[EventDate "2018.08.??"]
[EventType "swiss"]
[EventRounds "9"]
[EventCountry "USA"]

1. c4 Nf6 2. g3 d5 3. Bg2 g6 4. cxd5 Nxd5 5. Nc3 Nxc3 6. bxc3 Bg7 7. Nf3 O-O 8.
O-O c6 9. d4 Nd7 10. Qc2 Nb6 11. e4 Bg4 12. h3 Bxf3 13. Bxf3 Qc7 14. e5 Rfe8
15. h4 h5 16. e6 f5 17. Bf4 Qc8 18. Rfe1 Nd5 19. Be5 Bxe5 20. Rxe5 Nf6 21. Rae1
Kg7 22. c4 Qc7 23. Qd2 Rg8 24. Qf4 Qd6 25. Rb1 Rab8 26. c5 Qd8 27. Re3 Nd5 28.
Qe5+ Nf6 29. Ra3 a6 30. Rab3 Qc8 31. Rb6 Kh7 32. Bxc6 Ng4 33. Qf4 Qxe6 34. Bf3
Qxa2 35. Bxg4 hxg4 36. h5 Qf7 37. hxg6+ Rxg6 38. Qxb8 Rxb6 39. Rxb6 Qc4 40. Qf4
1-0

[Event "48th Continental Open"]
[Site "Sturbridge, MA"]
[Date "2018.08.16"]
[Round "1.17"]
[White "Lu, Jason"]
[Black "Samadashvili, Martha"]
[Result "0-1"]
[WhiteElo "1826"]
[BlackElo "2136"]
[PlyCount "118"]
[EventDate "2018.08.??"]
[EventType "swiss"]
[EventRounds "9"]
[EventCountry "USA"]

1. d4 Nf6 2. c4 e6 3. Nc3 Bb4 4. e3 O-O 5. Nge2 d5 6. a3 Be7 7. cxd5 exd5 8.
Nf4 b6 9. Be2 c6 10. O-O Bd6 11. Bf3 Bf5 12. g3 Nbd7 13. Bd2 Qe7 14. Re1 Ne4
15. Bg2 g5 16. Nxe4 dxe4 17. Ne2 Nf6 18. f3 exf3 19. Bxf3 Ne4 20. Nc3 Rfe8 21.
Rc1 Rac8 22. Bg2 Bg6 23. Qe2 Qe6 24. Rcd1 c5 25. d5 Qe7 26. Nxe4 Bxe4 27. Bc3
Bxg2 28. Qxg2 Qe4 29. Qf2 f5 30. Rf1 Rf8 31. Qe2 h6 32. Rfe1 Kh7 33. Qd3 Qxd3
34. Rxd3 Rce8 35. Kg2 Re4 36. Rf1 Kg6 37. h3 h5 38. Rf3 Rfe8 39. Bd2 Be5 40.
Bc3 Bd6 41. Bd2 c4 42. Rd4 Be5 43. Rxe4 fxe4 44. Rf2 Bxb2 45. Bb4 Be5 46. Rc2
a5 47. Be1 Rc8 48. a4 c3 49. d6 Bxd6 50. Rxc3 Rxc3 51. Bxc3 g4 52. hxg4 hxg4
53. Bd4 Bc7 54. Kf2 Kf5 55. Ke2 Ke6 56. Kd2 Kd5 57. Kc3 Bxg3 58. Bxb6 Be1+ 59.
Kc2 g3 0-1

[Event "48th Continental Open"]
[Site "Sturbridge, MA"]
[Date "2018.08.16"]
[Round "1.18"]
[White "Graif, William"]
[Black "Chin, Jonathan"]
[Result "1-0"]
[WhiteElo "2123"]
[BlackElo "1810"]
[PlyCount "107"]
[EventDate "2018.08.??"]
[EventType "swiss"]
[EventRounds "9"]
[EventCountry "USA"]

1. e4 c5 2. Nf3 Nc6 3. d4 cxd4 4. Nxd4 g6 5. Nc3 Bg7 6. Be3 Nf6 7. Bc4 O-O 8.
Bb3 d6 9. f3 Bd7 10. Qd2 Nxd4 11. Bxd4 b5 12. h4 a5 13. Nd5 Nxd5 14. Bxg7 Kxg7
15. Bxd5 Rc8 16. h5 Rh8 17. h6+ Kf8 18. O-O-O Qc7 19. a3 Rg8 20. Bb3 a4 21. Ba2
Qc5 22. Kb1 Be6 23. c3 Bxa2+ 24. Kxa2 Ke8 25. Rhe1 Rd8 26. e5 d5 27. e6 fxe6
28. Rxe6 d4 29. Re4 d3 30. Re3 Qc4+ 31. Ka1 Rf8 32. g4 Rf6 33. Rxd3 Rxd3 34.
Qxd3 Qxd3 35. Rxd3 Rb6 36. g5 Rb8 37. Rd4 Kf7 38. Rb4 Ke6 39. c4 Kd6 40. Rxb5
Rc8 41. Rb4 Rc5 42. f4 Rf5 43. Rxa4 Kc6 44. Ra6+ Kd7 45. Rxg6 hxg6 46. h7 Rf8
47. f5 Rxf5 48. h8=Q Rxg5 49. Qd4+ Ke6 50. c5 Rd5 51. Qe4+ Re5 52. Qxg6+ Kd7
53. c6+ Kc7 54. Qg3 1-0

[Event "48th Continental Open"]
[Site "Sturbridge, MA"]
[Date "2018.08.16"]
[Round "1.19"]
[White "Luo, Ryan"]
[Black "Tian, Eddy"]
[Result "1/2-1/2"]
[WhiteElo "1805"]
[BlackElo "2121"]
[PlyCount "98"]
[EventDate "2018.08.??"]
[EventType "swiss"]
[EventRounds "9"]
[EventCountry "USA"]

1. d4 d5 2. c4 e6 3. Nf3 Nf6 4. g3 Bb4+ 5. Bd2 Bd6 6. Bg2 O-O 7. O-O c6 8. Qc2
Nbd7 9. Nc3 dxc4 10. a4 e5 11. Bg5 h6 12. Bxf6 Qxf6 13. Ne4 Qg6 14. Nh4 Qe6 15.
Nxd6 Qxd6 16. Rfd1 exd4 17. Qxc4 c5 18. b4 Qe7 19. bxc5 Qxc5 20. Rxd4 Rb8 21.
Rad1 b6 22. Ng6 Re8 23. Bd5 Qxc4 24. Bxc4 Nc5 25. Bb5 Bd7 26. Bxd7 Nxd7 27.
Rxd7 fxg6 28. Rxa7 Rbd8 29. Rxd8 Rxd8 30. Rb7 Rd6 31. h4 Kh7 32. Kg2 Rd4 33.
Rxb6 Rxa4 34. Kf3 Ra5 35. e4 g5 36. hxg5 Rxg5 37. Kf4 Kg8 38. Rb7 Ra5 39. e5 g6
40. Ke4 h5 41. Kf4 Kf8 42. Rc7 Rb5 43. Ra7 Rc5 44. Kg5 Rxe5+ 45. Kxg6 Re2 46.
Rf7+ Kg8 47. Ra7 Kf8 48. Ra8+ Ke7 49. Ra7+ Kf8 1/2-1/2

[Event "48th Continental Open"]
[Site "Sturbridge, MA"]
[Date "2018.08.16"]
[Round "1.20"]
[White "Torres, Yelfry"]
[Black "Cui, Cynthia"]
[Result "1-0"]
[WhiteElo "2120"]
[BlackElo "1798"]
[PlyCount "73"]
[EventDate "2018.08.??"]
[EventType "swiss"]
[EventRounds "9"]
[EventCountry "USA"]

1. c4 e5 2. Nc3 Nc6 3. Nf3 d6 4. d3 h6 5. g3 Be6 6. Bg2 Qd7 7. h3 g6 8. Nd5 Bg7
9. O-O Nge7 10. e4 O-O 11. Bxh6 Bxh3 12. Be3 Bg4 13. Qb3 Nd8 14. Bg5 f6 15. Be3
c6 16. Nxe7+ Qxe7 17. d4 exd4 18. Nxd4 c5 19. Nb5 a6 20. Nc3 Rb8 21. Nd5 Qd7
22. f3 Bh3 23. Rad1 Kf7 24. Qc2 Rh8 25. Nf4 Bxg2 26. Qxg2 g5 27. Ne2 Qe7 28. g4
Ne6 29. Ng3 Rh7 30. Nf5 Qc7 31. Rxd6 Rbh8 32. Rfd1 Kg6 33. e5 Re8 34. Qc2 Nf8
35. Rd7 Nxd7 36. Nh6+ Kxh6 37. Kf2 1-0

[Event "48th Continental Open"]
[Site "Sturbridge, MA"]
[Date "2018.08.16"]
[Round "1.21"]
[White "Luo, Terry"]
[Black "Markzon, Gregory"]
[Result "1/2-1/2"]
[WhiteElo "1793"]
[BlackElo "2114"]
[PlyCount "80"]
[EventDate "2018.08.??"]
[EventType "swiss"]
[EventRounds "9"]
[EventCountry "USA"]

1. d4 Nf6 2. c4 g6 3. Nc3 Bg7 4. e4 d6 5. Nf3 O-O 6. Be2 e5 7. O-O exd4 8. Nxd4
Re8 9. f3 c6 10. Bg5 h6 11. Bh4 Nbd7 12. Bf2 d5 13. cxd5 cxd5 14. exd5 Nb6 15.
Qb3 Nfxd5 16. Nxd5 Qxd5 17. Qxd5 Nxd5 18. Bb5 Rd8 19. Rad1 Nf4 20. Rfe1 a6 21.
Bf1 Ne6 22. Nxe6 Rxd1 23. Rxd1 Bxe6 24. b3 Rc8 25. Bd3 f5 26. Be3 Kf7 27. Kf2
g5 28. Rc1 f4 29. Bd2 Rxc1 30. Bxc1 Bd4+ 31. Ke2 Kf6 32. Be4 b5 33. Bd2 Bb6 34.
Bc3+ Kf7 35. Kd3 a5 36. Bd4 Bc7 37. Bc6 Bf5+ 38. Be4 Be6 39. Bc6 Bf5+ 40. Be4
Be6 1/2-1/2

[Event "48th Continental Open"]
[Site "Sturbridge, MA"]
[Date "2018.08.16"]
[Round "1.22"]
[White "Riddell, John"]
[Black "Finnerman, David"]
[Result "1-0"]
[WhiteElo "2103"]
[BlackElo "1735"]
[PlyCount "43"]
[EventDate "2018.08.??"]
[EventType "swiss"]
[EventRounds "9"]
[EventCountry "USA"]

1. e4 d6 2. d4 Nf6 3. Nc3 g6 4. Bc4 Bg7 5. Qe2 O-O 6. e5 Ne8 7. Bg5 Qd7 8. Nf3
c6 9. O-O-O d5 10. Bd3 Qc7 11. h3 a5 12. Qe3 Na6 13. Bf4 e6 14. h4 Nb4 15. h5
Nxd3+ 16. cxd3 b5 17. Rh4 Qe7 18. Rdh1 f6 19. hxg6 hxg6 20. exf6 Qxf6 21. Be5
Qe7 22. Rh8+ 1-0